Loading...
| Auditory Arts | 6 | 21.67 | 100% | 83% | 33% |
| Beliefs | 8 | 15.00 | 100% | 38% | 13% |
| Current Events | 4 | 20.00 | 100% | 75% | 25% |
| Fine Arts - Other Arts | 6 | 15.00 | 100% | 50% | 0% |
| History - American | 2 | 10.00 | 100% | 0% | 0% |
| History - Ancient | 5 | 18.00 | 100% | 80% | 0% |
| History - European | 6 | 16.67 | 67% | 83% | 17% |
| History - Other | 2 | 15.00 | 100% | 50% | 0% |
| History - World | 5 | 10.00 | 80% | 20% | 0% |
| Literature - American | 7 | 14.29 | 100% | 29% | 14% |
| Literature - British | 7 | 17.14 | 100% | 71% | 0% |
| Literature - European | 4 | 20.00 | 100% | 50% | 50% |
| Literature - World | 6 | 20.00 | 100% | 83% | 17% |
| Other Academic | 2 | 5.00 | 50% | 0% | 0% |
| Philosophy | 4 | 10.00 | 75% | 25% | 0% |
| Science - Biology | 5 | 10.00 | 100% | 0% | 0% |
| Science - Chemistry | 6 | 8.33 | 67% | 17% | 0% |
| Science - Other | 3 | 10.00 | 100% | 0% | 0% |
| Science - Physics | 7 | 10.00 | 86% | 14% | 0% |
| Social Science | 4 | 10.00 | 75% | 25% | 0% |
| Visual Arts | 7 | 20.00 | 100% | 71% | 29% |